statistieken voor Landen Per Foto n°3

Klik hier om de quiz te nemen!

Generale statistieken

  • Deze quiz is al 439 keer genomen
  • De gemiddelde score is 11 of 15

Antwoord statistieken

Answer % Correct
Spanje
94%
Verenigde Staten
93%
Nederland
92%
Frankrijk
89%
Vaticaanstad
82%
Kenia / Tanzania
77%
Jordanië
73%
Oostenrijk
70%
Cuba
69%
Ierland
64%
Hongarije
60%
Kroatië
52%
Argentinië
50%
Iran
47%
Taiwan
46%

Score Distributie

Percentiel op hoeveel beantwoord

Procent van mensen met elke score

Uw Scoregeschiedenis

U hebt deze quiz nog niet genomen